000 01389 a2200241 4500
001 16761
005 20260407155458.0
008 260407a1992 arg spa d
003 AR-UNSa-BCEJYS
040 _aAR-UNSa-BCEJYS
_bspa
_cAR-UNSa-BCEJYS
080 _a330.101.542
_xMicroeconomía
245 1 0 _aMicroeconomía
020 _a978-968-422-995-2
250 _a3a. ed.
264 1 _aMéxico :
_bMcGraw-Hill
_c1992
300 _a429 p.
_c23 cm.
505 _a1. Introducción - 2. Demanda, oferta y equilibrio: panorama general - 3. La medida de las elasticidades - 4. Teoría de la demanda del consumidor - 5. Temas avanzados en la teoría de la demanda del consumidor - 6. Teoría de la producción - 7. Costos de producción - 8. Temas avanzados en la teoría de la producción - 9. Precio y producción en competencia perfecta - 10. Precio y producción en el monopolio puro - 11. Precio y producción en la competencia monopolística y el oligopolio - 12. Temas recientes y avanzados en la estructura del mercado - 13. Fijación de precios y empleo de insumos - 14. Equilibrio general y economía del bienestar
942 _cBK
590 _aniveau_biblio:m niveau_hierar:0
100 1 _aSalvatore, Dominick
700 1 _aPando, Julio Coro
856 4 1 _uhttps://t1.gstatic.com/images?q=tbn:ANd9GcTGERtXIEqQbr_0BdHO1RiONVHH4gbTxLlqBGhNbOxpHjzXSvDP
_yImagen de portada
_qimage/jpeg
999 _c713
_d713